| 000 | 00428cam a2200169ua 4500 | ||
|---|---|---|---|
| 041 |
_aeng _h |
||
| 082 |
_a621.402 _bKAP/TH |
||
| 100 | _aKapoor, H R . | ||
| 245 |
_aThermal engineering, Vol 1 / _cH R Kapoor. _hTextual Documents |
||
| 250 |
_a1 / _b. |
||
| 260 |
_aNew Delhi : _bTata Mc-Graw Hill Publishing Company , _c1988. |
||
| 300 | _a424 ; . | ||
| 500 | _a* CSS | ||
| 504 | _a | ||
| 942 | _cBK | ||
| 999 |
_c10911 _d10911 |
||